000 00585nam a2200229Ia 4500
005 20241129120136.0
008 241129s9999||||xx |||||||||||||| ||und||
020 _a9788120351592
037 _aTB
040 _aSDCL
_beng
_cSDCL
041 _aeng
_2eng
084 _aD65264, Q6
_qSDCL
100 _aRao R. Srinivasa
_9729246
245 0 _aMicrowave Engineering
250 _a2nd
260 _aDelhi
_bPHI Learning
_c2016
300 _axvii,610p.
365 _aINR
_b495
650 _aElectronic Science
942 _cTB
_hD65264, Q6
999 _c1233523
_d1233523